Noise matters : towards an ontology of noise

Αποθηκεύτηκε σε:
Λεπτομέρειες βιβλιογραφικής εγγραφής
Κύριος συγγραφέας: Hainge, Greg, 1971-
Μορφή: Βιβλίο
Γλώσσα:English
Δημοσίευση: New York : Bloomsbury Academic, 2013.
Θέματα:
Ετικέτες: Προσθήκη ετικέτας
Δεν υπάρχουν, Καταχωρήστε ετικέτα πρώτοι!

MARC

LEADER 00000cam a2200000 a 4500
001 1/106496
008 150525s2013####nyu| ||| |||| ||eng||
020 |a 9781441111487 
040 |a GR-MyUa  |b gre  |c GR-MyUa  |e AACR2 
041 0 |a eng 
082 7 |a 155.9   |2 (23) 
100 1 |a Hainge, Greg,   |d 1971- 
245 1 0 |a Noise matters :   |b towards an ontology of noise /   |c Greg Hainge.  
260 |a New York :   |b Bloomsbury Academic,   |c 2013.  
300 |a xi, 296 σ. ;   |c 24 εκ.  
504 |a Περιλαμβάνει βιβλιογραφία και ευρετήριο.  
650 0 |a Noise (Philosophy). 
650 0 |a Noise in art. 
650 0 |a Noise  |x Psychological aspects. 
852 |a INST  |b LESVOS  |e 20150525  |h 155.9 HAI  |p 005100056656  |q 005100056656  |t BK  |y 0 
852 |a INST  |b LESVOS  |e 20180319  |h 155.9 HAI  |p 005100060093  |q 005100060093  |t BK  |y 0 
970 |a Τζαφέρη  |b Ευαγγελία  |z 25-05-2015